LEADER 00487nas 2200181z- 450 001 9910895354503321 005 20260324110648.0 035 $a(CKB)4100000011777334 035 $a(DE-599)2195106-8 035 $a(EXLCZ)994100000011777334 100 $a20210302cuuuuuuuu -u- - 101 0 $aeng 200 00$aDiscussion Papers / Economic Growth Center 210 $cEconomic Growth Center 906 $aJOURNAL 912 $a9910895354503321 996 $aDiscussion papers$91920577 997 $aUNINA